| 000 | 00909cam a22002535a 4500 | ||
|---|---|---|---|
| 001 | 13911474 | ||
| 005 | 20201128024311.0 | ||
| 008 | 050325t2004 ohua frb 001 0 eng d | ||
| 020 | _a1587991934 | ||
| 020 | _a9781587991936 | ||
| 040 |
_aDLC _cDLC _beng _dEG-ScBUE |
||
| 082 | 0 | 4 |
_222 _a338.064 _bWAI |
| 100 | 1 | _aWaite, Stephen R. | |
| 245 | 1 | 0 |
_aQuantum investing : _bquantum physics, nanotechnology, and the future of the stock market / _cStephen R. Waite ; foreword by Michael J. Mauboussin. |
| 260 |
_aMason : _bThomson, _cc.2004. |
||
| 300 |
_axviii, 266 p. : _bill. ; _c24 cm. |
||
| 504 | _aIncludes bibliographical references and index. | ||
| 650 | 7 |
_aTechnological innovations _xEconomic aspects _xForecasting. _2BUEsh |
|
| 650 | 7 |
_aInvestments. _2BUEsh _99026 |
|
| 650 | 7 |
_aQuantum theory. _2BUEsh _91883 |
|
| 653 |
_bGGEN _cMarch2018 |
||
| 700 | 1 |
_aMauboussin, Michael J., _eforeword. |
|
| 942 | _2ddc | ||
| 999 |
_c26419 _d26391 |
||